[Event "BRA-ch sf (Women)"]
[Site "Icara"]
[Date "2017.06.30"]
[Round "2"]
[White "Santana Magalhaes, Amanda Borges Matos"]
[Black "Jardim, Daphne Tofano"]
[Result "0-1"]
[WhiteElo "1701"]
[BlackElo "1980"]
[PlyCount "52"]
[EventDate "2017.06.29"]
[EventType "swiss"]
[EventRounds "7"]
[EventCountry "BRA"]
[SourceTitle "CBM 179 Extra"]
[Source "ChessBase"]
[SourceDate "2017.08.23"]
[SourceVersion "1"]
[SourceVersionDate "2017.08.23"]
[SourceQuality "1"]

1. e4 c5 2. Nf3 e6 3. d4 cxd4 4. Nxd4 Nc6 5. Nc3 a6 6. a3 Qc7 7. Be2 Nf6 8. Be3 Be7 9. Qd2 0-0 10. 0-0-0 b5 11. Nxc6 dxc6 12. Na2 Nxe4 13. Qd4 f5 14. g3 c5 15. Qd3 c4 16. Qd4 Bc5 17. Bf4 Qb6 18. Qe5 Nxf2 19. Bf3 Ra7 20. Qb8 Bb7 21. Rd6 Bxd6 22. Qxd6 Qxd6 23. Bxd6 Nxh1 24. Bc5 Bxf3 25. Bxa7 Rd8 26. Nc3 e5 0-1

[Event "Curitiba IEP&Copel op"]
[Site "Curitiba"]
[Date "2017.05.14"]
[Round "5"]
[White "Oliveira, Jonathan De"]
[Black "Jardim, Daphne Tofano"]
[Result "1-0"]
[WhiteElo "2166"]
[BlackElo "1995"]
[PlyCount "131"]
[EventDate "2017.05.12"]
[EventType "swiss"]
[EventRounds "6"]
[EventCountry "BRA"]
[SourceTitle "CBM 178 Extra"]
[Source "ChessBase"]
[SourceDate "2017.06.22"]
[SourceVersion "1"]
[SourceVersionDate "2017.06.22"]
[SourceQuality "1"]

1. e4 c5 2. Nf3 e6 3. g3 Nc6 4. Bg2 Qc7 5. 0-0 Nf6 6. Re1 d6 7. c3 Be7 8. d4 cxd4 9. cxd4 e5 10. Qc2 Qb6 11. Nc3 0-0 12. dxe5 dxe5 13. Nd5 Nxd5 14. exd5 Nb4 15. Qb3 Bc5 16. Be3 f6 17. Bxc5 Qxc5 18. Rac1 Qa5 19. Nd2 Nxa2 20. Rcd1 Bg4 21. Nc4 Bxd1 22. Rxd1 Qa6 23. Na3 Rac8 24. Qxa2 Qa4 25. d6+ Kh8 26. Qd5 Rc5 27. Qd2 Qd7 28. b4 Rcc8 29. Qd5 a6 30. Nc4 Qg4 31. Nb6 Rcd8 32. d7 Qxb4 33. Qd6 Qxd6 34. Rxd6 f5 35. Bxb7 a5 36. Bc6 Kg8 37. Re6 e4 38. Re7 Rf6 39. Re8+ Rf8 40. Bd5+ Kh8 41. Rxf8+ Rxf8 42. Na4 Rd8 43. Bc6 Kg8 44. Nc5 Kf7 45. Nb7 Ke7 46. Nxd8 Kxd8 47. Kf1 g5 48. Ke2 f4 49. Kd2 h6 50. Kc3 e3 51. fxe3 f3 52. Kd2 g4 53. e4 Ke7 54. e5 Kd8 55. e6 Ke7 56. Ke3 Kd8 57. Bb5 Ke7 58. Kd2 h5 59. Ke3 Kd8 60. Kd4 Ke7 61. Ke5 f2 62. d8Q+ Kxd8 63. Kd6 a4 64. e7+ Kc8 65. e8Q+ Kb7 66. Qc6+ 1-0

[Event "Curitiba IEP&Copel op"]
[Site "Curitiba"]
[Date "2017.05.13"]
[Round "4"]
[White "Jardim, Daphne Tofano"]
[Black "Santos, Renan de Souza"]
[Result "1-0"]
[WhiteElo "1995"]
[BlackElo "1540"]
[PlyCount "93"]
[EventDate "2017.05.12"]
[EventType "swiss"]
[EventRounds "6"]
[EventCountry "BRA"]
[SourceTitle "CBM 178 Extra"]
[Source "ChessBase"]
[SourceDate "2017.06.22"]
[SourceVersion "1"]
[SourceVersionDate "2017.06.22"]
[SourceQuality "1"]

1. d4 Nf6 2. c4 c5 3. d5 b5 4. Nf3 bxc4 5. Nc3 g6 6. e4 d6 7. Bxc4 Bg7 8. h3 0-0 9. 0-0 Nbd7 10. Bf4 Qa5 11. Be2 Rb8 12. Rb1 Ba6 13. Nd2 Rb7 14. Bc4 Bxc4 15. Nxc4 Qa6 16. b3 Nh5 17. Bd2 Rfb8 18. Qc2 Nb6 19. Nxb6 Rxb6 20. Na4 Rb5 21. Rfc1 Bd4 22. Bc3 Bxc3 23. Nxc3 Rb4 24. Nd1 Nf4 25. Nc3 Nd3 26. Rd1 Rd4 27. Qe2 c4 28. Qe3 cxb3 29. Qxd4 Nf4 30. Rxb3 Rxb3 31. axb3 Qa5 32. Kh2 e5 33. Qc4 Qd8 34. Ne2 Nh5 35. Ra1 f5 36. Rxa7 f4 37. Qc7 Qxc7 38. Rxc7 Nf6 39. Nc3 h5 40. b4 Kf8 41. b5 Ke8 42. b6 Kd8 43. Nb5 Nxd5 44. b7 Nxc7 45. b8Q+ Ke7 46. Qxc7+ Kf6 47. Qxd6+ 1-0

[Event "Curitiba IEP&Copel op"]
[Site "Curitiba"]
[Date "2017.05.12"]
[Round "1"]
[White "Silva, Richard Santana"]
[Black "Jardim, Daphne Tofano"]
[Result "0-1"]
[WhiteElo "1412"]
[BlackElo "1995"]
[PlyCount "60"]
[EventDate "2017.05.12"]
[EventType "swiss"]
[EventRounds "6"]
[EventCountry "BRA"]
[SourceTitle "CBM 178 Extra"]
[Source "ChessBase"]
[SourceDate "2017.06.22"]
[SourceVersion "1"]
[SourceVersionDate "2017.06.22"]
[SourceQuality "1"]

1. e4 c5 2. Nf3 a6 3. c4 Nc6 4. Be2 e5 5. Nc3 g6 6. 0-0 Bg7 7. d3 Nge7 8. Be3 d6 9. a3 0-0 10. Qd2 f5 11. exf5 gxf5 12. Qd1 f4 13. Bd2 Nf5 14. Kh1 Nfd4 15. Ne4 Kh8 16. b4 b6 17. Rg1 Rg8 18. Nfg5 Ra7 19. Bg4 Bh6 20. Nf3 Rxg4 21. g3 Nxf3 22. Qxf3 Nd4 23. Qd1 Rg6 24. Rb1 Bg4 25. Qa4 Bf3+ 26. Rg2 Qd7 27. b5 axb5 28. Qxa7 Qxa7 29. Nxc5 Qd7 30. Rbg1 Ne2 0-1

[Event "Sao Paulo op-A 6th"]
[Site "Sao Paulo"]
[Date "2017.04.14"]
[Round "1"]
[White "Jardim, Daphne Tofano"]
[Black "Mazetto, Sergio Luiz"]
[Result "1/2-1/2"]
[WhiteElo "1974"]
[BlackElo "2191"]
[PlyCount "148"]
[EventDate "2017.04.14"]
[EventType "swiss"]
[EventRounds "6"]
[EventCountry "BRA"]
[SourceTitle "CBM 178 Extra"]
[Source "ChessBase"]
[SourceDate "2017.06.22"]
[SourceVersion "1"]
[SourceVersionDate "2017.06.22"]
[SourceQuality "1"]

1. d4 g6 2. c4 Bg7 3. Nc3 c5 4. d5 d6 5. e4 Nf6 6. h3 b5 7. cxb5 a6 8. bxa6 0-0 9. Bd3 Nxa6 10. Nge2 Nc7 11. 0-0 e6 12. dxe6 Bxe6 13. Be3 Qb8 14. e5 dxe5 15. Bxc5 Rd8 16. Qc2 Na6 17. Bxa6 Rxa6 18. Rfd1 Rc8 19. Qd3 Qa8 20. Ba3 Bc4 21. Qe3 Nd5 22. Qf3 Nxc3 23. Nxc3 Qxf3 24. gxf3 Be6 25. Nd5 Bf8 26. Bxf8 Kxf8 27. Kg2 Rc4 28. Ne3 Rd4 29. a3 f5 30. Nc2 Rc4 31. Nb4 Ra8 32. Rac1 Rac8 33. Rxc4 Rxc4 34. Re1 e4 35. fxe4 fxe4 36. Re3 Kf7 37. Kg3 g5 38. h4 gxh4+ 39. Kxh4 Kf6 40. Kg3 Kf5 41. Re2 Rd4 42. Nc2 Rd3+ 43. Ne3+ Ke5 44. Rc2 Rb3 45. Rc7 Rxb2 46. Rxh7 Rb3 47. a4 Ra3 48. a5 Bc4 49. Rc7 Bd3 50. Rc5+ Kd4 51. Rd5+ Kc3 52. Kf4 Kb4 53. Ng4 Rxa5 54. Rxa5 Kxa5 55. Nf6 Kb6 56. Nxe4 Kc6 57. Ke5 Bc4 58. f4 Kd7 59. f5 Ke7 60. f6+ Kf8 61. Nc5 Ba2 62. Kf5 Bb1+ 63. Kg5 Kf7 64. Nd7 Ba2 65. Ne5+ Kf8 66. Kg6 Bb1+ 67. Kg5 Ba2 68. Ng4 Kf7 69. Nh6+ Kf8 70. Kg6 Bb1+ 71. Nf5 Bxf5+ 72. Kxf5 Kf7 73. Ke5 Kf8 74. Kf5 Kf7 1/2-1/2

[Event "Sao Paulo Hebraica op 24th"]
[Site "Sao Paulo"]
[Date "2017.01.15"]
[Round "6"]
[White "Cardozo, Matheus Santos"]
[Black "Jardim, Daphne Tofano"]
[Result "0-1"]
[WhiteElo "1804"]
[BlackElo "1983"]
[PlyCount "54"]
[EventDate "2017.01.13"]
[EventType "swiss"]
[EventRounds "6"]
[EventCountry "BRA"]
[SourceTitle "CBM 176 Extra"]
[Source "ChessBase"]
[SourceDate "2017.03.02"]
[SourceVersion "1"]
[SourceVersionDate "2017.03.02"]
[SourceQuality "1"]

1. d4 Nf6 2. c4 e6 3. Nc3 Bb4 4. Qc2 d5 5. Nf3 c5 6. e3 Nc6 7. a3 Bxc3+ 8. bxc3 0-0 9. Bd3 h6 10. 0-0 Qa5 11. Rb1 a6 12. a4 dxc4 13. Bxc4 cxd4 14. cxd4 e5 15. Bd2 Qc7 16. dxe5 Ng4 17. Rfc1 Ncxe5 18. Nxe5 Nxe5 19. Ba2 Qxc2 20. Rxc2 Bf5 21. Rcb2 Bxb1 22. Rxb1 b5 23. Bc3 Nc4 24. Bxc4 bxc4 25. g3 Rfb8 26. Rc1 Rb3 27. Be1 c3 0-1

[Event "BRA pre olympic (Women) 2nd"]
[Site "Rio de Janeiro"]
[Date "2013.10.04"]
[Round "1"]
[White "Jardim, Daphne Tofano"]
[Black "Terao, Juliana Sayumi"]
[Result "0-1"]
[WhiteElo "2000"]
[BlackElo "2148"]
[PlyCount "98"]
[EventDate "2013.10.04"]
[EventType "swiss"]
[EventRounds "6"]
[EventCountry "BRA"]
[SourceTitle "EXT 2016"]
[Source "ChessBase"]
[SourceDate "2015.10.08"]
[SourceVersion "1"]
[SourceVersionDate "2015.10.08"]
[SourceQuality "1"]

1. d4 Nf6 2. c4 e6 3. Nc3 Bb4 4. Qc2 0-0 5. a3 Bxc3+ 6. Qxc3 d6 7. Nf3 Ne4 8. Qc2 f5 9. g3 Qf6 10. Bg2 Nc6 11. e3 Ne7 12. 0-0 Bd7 13. b4 Rac8 14. Bb2 g5 15. Rad1 Qh6 16. Nd2 Nf6 17. b5 c6 18. Qb3 Ng6 19. a4 a6 20. f4 Rf7 21. Nf3 Ne4 22. Rfe1 axb5 23. axb5 cxb5 24. cxb5 d5 25. Rc1 gxf4 26. exf4 Rff8 27. Ba3 Rfe8 28. b6 Bc6 29. Bc5 Qg7 30. Ra1 h5 31. Ng5 Nxg5 32. fxg5 Nf8 33. Qe3 Nd7 34. Rac1 Ra8 35. h4 Ra4 36. Bf3 Nxc5 37. dxc5 Ra2 38. Re2 d4 39. Qb3 Rxe2 40. Bxe2 Qe5 41. Bxh5 Qe4 42. Qc2 d3 43. Qd2 Qh1+ 44. Kf2 Qg2+ 45. Ke3 Qxg3+ 46. Kd4 Rd8+ 47. Kc3 Qxh4 48. Be2 Qe4 49. Kb3 Bd5+ 0-1

[Event "Wch U18 Girls"]
[Site "Caldas Novas"]
[Date "2011.11.20"]
[Round "3"]
[White "Ambanwala, Lumbini"]
[Black "Jardim, Daphne Tofano"]
[Result "0-1"]
[WhiteElo "1786"]
[BlackElo "1991"]
[PlyCount "124"]
[EventDate "2011.11.18"]
[EventType "swiss"]
[EventRounds "9"]
[EventCountry "BRA"]
[SourceTitle "EXT 2013"]
[Source "ChessBase"]
[SourceDate "2012.11.22"]
[SourceVersion "1"]
[SourceVersionDate "2012.11.22"]
[SourceQuality "1"]

1. d4 Nf6 2. c4 e6 3. Nf3 Bb4+ 4. Bd2 Qe7 5. g3 Nc6 6. a3 Bxd2+ 7. Qxd2 d6 8. Bg2 Ne4 9. Qc2 f5 10. Nc3 Nxc3 11. Qxc3 0-0 12. 0-0 e5 13. dxe5 dxe5 14. b4 e4 15. Nd2 Qe5 16. Qe3 Be6 17. Rac1 Qd4 18. Qxd4 Nxd4 19. Rfe1 Rad8 20. e3 Nc6 21. Nb3 b6 22. Rc3 Rd7 23. f3 exf3 24. Bxf3 Ne5 25. Be2 g6 26. Nd4 Bf7 27. c5 Bd5 28. cxb6 cxb6 29. Rec1 Rff7 30. h3 Kg7 31. Kf2 Rde7 32. Rd1 Be4 33. Nb5 Rf6 34. Nd6 g5 35. Rd4 Nc6 36. Rd2 Ne5 37. Rd4 Nc6 38. Rd2 Kg6 39. Kg1 Ne5 40. Rd5 Bf3 41. Kf2 Bxe2 42. Kxe2 Rfe6 43. Kf2 h5 44. Nc4 Nd7 45. Rd6 Nf6 46. Rxe6 Rxe6 47. Kf3 Ne4 48. Rd3 g4+ 49. hxg4 hxg4+ 50. Kg2 b5 51. Nb2 Rc6 52. Nd1 Rc2+ 53. Kg1 Nxg3 54. Rd7 Rc1 55. Kg2 Ne4 56. Kh2 Kf6 57. Kg2 Ke5 58. Kh2 a6 59. Kg2 Rc2+ 60. Kf1 Rd2 61. Rxd2 Nxd2+ 62. Ke2 Nc4 0-1

[Event "Wch U18 Girls"]
[Site "Caldas Novas"]
[Date "2011.11.20"]
[Round "4"]
[White "Jardim, Daphne Tofano"]
[Black "Miladinovic, Lena"]
[Result "1/2-1/2"]
[WhiteElo "1991"]
[BlackElo "2079"]
[PlyCount "113"]
[EventDate "2011.11.18"]
[EventType "swiss"]
[EventRounds "9"]
[EventCountry "BRA"]
[SourceTitle "EXT 2013"]
[Source "ChessBase"]
[SourceDate "2012.11.22"]
[SourceVersion "1"]
[SourceVersionDate "2012.11.22"]
[SourceQuality "1"]

1. d4 Nf6 2. c4 e6 3. Nc3 Bb4 4. Qc2 Nc6 5. Nf3 d6 6. a3 Bxc3+ 7. Qxc3 a5 8. Bg5 Qe7 9. e3 e5 10. Be2 0-0 11. 0-0 Bg4 12. h3 Bh5 13. Rfe1 a4 14. Nxe5 Bxe2 15. Nxc6 bxc6 16. Rxe2 Rfb8 17. d5 Rb3 18. Bxf6 Qxf6 19. Qxf6 gxf6 20. Rc1 Rab8 21. Rcc2 c5 22. Kh2 f5 23. Kg3 Kg7 24. Kf4 Kg6 25. g4 fxg4 26. hxg4 h6 27. Kg3 h5 28. gxh5+ Kxh5 29. Kf4 Kg6 30. e4 Kf6 31. f3 R3b7 32. Rh2 Rb3 33. Rcg2 R3b7 34. e5+ dxe5+ 35. Ke4 Rb3 36. Rh6+ Ke7 37. Rc6 Kd7 38. Rxc5 Rh8 39. Kxe5 Rxf3 40. Rg4 Rh2 41. Ra5 Rxb2 42. Rxa4 Rbb3 43. Rg7 Rbd3 44. c5 Rde3+ 45. Re4 Rxa3 46. Rf4 Rxf4 47. Kxf4 Ke7 48. Ke5 Re3+ 49. Kd4 Re1 50. Kc4 Rf1 51. Kb5 Kd7 52. Rg8 Rb1+ 53. Kc4 Rc1+ 54. Kd4 Rd1+ 55. Ke5 Re1+ 56. Kf6 Rf1+ 57. Ke5 1/2-1/2

[Event "Wch U18 Girls"]
[Site "Caldas Novas"]
[Date "2011.11.19"]
[Round "2"]
[White "Jardim, Daphne Tofano"]
[Black "Aragon Bustamante, Dulce Selena"]
[Result "1-0"]
[WhiteElo "1991"]
[BlackElo "1837"]
[PlyCount "99"]
[EventDate "2011.11.18"]
[EventType "swiss"]
[EventRounds "9"]
[EventCountry "BRA"]
[SourceTitle "EXT 2013"]
[Source "ChessBase"]
[SourceDate "2012.11.22"]
[SourceVersion "1"]
[SourceVersionDate "2012.11.22"]
[SourceQuality "1"]

1. d4 d5 2. c4 c6 3. Nc3 Nf6 4. cxd5 cxd5 5. Nf3 Nc6 6. Bf4 a6 7. e3 e6 8. a3 Bd6 9. Bxd6 Qxd6 10. Bd3 0-0 11. 0-0 b5 12. b4 Bb7 13. Nd2 Rac8 14. Rc1 e5 15. Bf5 Rcd8 16. Nb3 Ne7 17. Bh3 Ng6 18. Ne2 e4 19. Ng3 Nh4 20. Na5 Qe7 21. Qe2 g6 22. Nc6 Bxc6 23. Rxc6 Rd6 24. Rfc1 Rxc6 25. Rxc6 Ra8 26. Bc8 Ne8 27. Bxa6 Nd6 28. h3 Rb8 29. Rc5 Qd7 30. Qg4 Nhf5 31. Nxf5 Nxf5 32. Qf4 Qe8 33. Rxd5 Rb6 34. Qc7 Rc6 35. Bxb5 Rxc7 36. Bxe8 Rc1+ 37. Kh2 Rc2 38. Re5 Rxf2 39. Rxe4 Nd6 40. Re5 Nc4 41. Rc5 Nxe3 42. Bc6 Nc2 43. d5 Nxa3 44. d6 Rd2 45. d7 Kf8 46. Re5 Kg7 47. Rd5 Rxd5 48. Bxd5 Nc2 49. d8Q Nxb4 50. Bc4 1-0

[Event "Sao Paulo pre olympic op (Women)"]
[Site "Sao Paulo"]
[Date "2011.04.30"]
[Round "3"]
[White "Feliciano Ebert, Vanessa"]
[Black "Jardim, Daphne Tofano"]
[Result "1-0"]
[WhiteElo "2170"]
[BlackElo "1976"]
[PlyCount "57"]
[EventDate "2011.04.29"]
[EventType "swiss"]
[EventRounds "6"]
[EventCountry "BRA"]
[SourceTitle "EXT 2012"]
[Source "ChessBase"]
[SourceDate "2011.11.24"]
[SourceVersion "1"]
[SourceVersionDate "2011.11.24"]
[SourceQuality "1"]

1. e4 c5 2. Nf3 e6 3. d3 Nc6 4. g3 Nf6 5. Bg2 d5 6. Nbd2 Be7 7. 0-0 0-0 8. e5 Nd7 9. Re1 Qc7 10. Qe2 b6 11. Nf1 Bb7 12. h4 Rfd8 13. Bf4 d4 14. N1h2 Nb4 15. a3 Nd5 16. Ng5 Nxf4 17. gxf4 Bxg2 18. Kxg2 h6 19. Qh5 hxg5 20. hxg5 g6 21. Qh4 c4 22. Ng4 Bc5 23. f5 exf5 24. Nf6+ Nxf6 25. gxf6 Qb7+ 26. f3 Bf8 27. Rh1 Bg7 28. fxg7 f6 29. Qh7+ 1-0

[Event "Sao Paulo pre olympic op (Women)"]
[Site "Sao Paulo"]
[Date "2011.04.30"]
[Round "4"]
[White "Jardim, Daphne Tofano"]
[Black "Guimaraes, Artemis Pamela"]
[Result "0-1"]
[WhiteElo "1976"]
[BlackElo "1944"]
[PlyCount "164"]
[EventDate "2011.04.29"]
[EventType "swiss"]
[EventRounds "6"]
[EventCountry "BRA"]
[SourceTitle "EXT 2012"]
[Source "ChessBase"]
[SourceDate "2011.11.24"]
[SourceVersion "1"]
[SourceVersionDate "2011.11.24"]
[SourceQuality "1"]

1. d4 Nf6 2. c4 e6 3. Nc3 Bb4 4. Qc2 0-0 5. a3 Bxc3+ 6. Qxc3 b6 7. Bg5 Bb7 8. e3 d6 9. Qc2 Nbd7 10. Ne2 c5 11. Rd1 Qc8 12. Nc3 cxd4 13. Rxd4 d5 14. cxd5 Nxd5 15. Rc4 Qb8 16. Rh4 f5 17. Bb5 N7f6 18. 0-0 Nxc3 19. Qxc3 Ne4 20. Rxe4 Bxe4 21. Bc4 Qd6 22. Qb3 Bd5 23. Bxd5 Qxd5 24. Qxd5 exd5 25. Rd1 Rac8 26. Bf4 Rc2 27. Be5 Rfc8 28. Bc3 g6 29. g3 Rc5 30. Kg2 Kf7 31. Rd4 Ke6 32. Rd3 a5 33. h4 a4 34. Rd4 Rc4 35. Rd3 b5 36. Bh8 Rc1 37. Rd2 R4c2 38. Rxc2 Rxc2 39. Bd4 h6 40. Bg7 g5 41. h5 g4 42. Bd4 Kd6 43. Bg7 d4 44. Bxd4 Kd5 45. Bg7 Rc6 46. Kf1 Ke4 47. Kg2 Kd3 48. Bf8 Kc2 49. Bg7 Rc7 50. Be5 Rd7 51. Bf6 Rb7 52. Be5 b4 53. Bd4 b3 54. Be5 Rd7 55. Bf6 Kd3 56. Be5 Ke2 57. Bf4 Rd5 58. Bxh6 Rd7 59. Bf4 Kd3 60. h6 Kc2 61. Be5 Rh7 62. Bg7 Rxh6 63. f3 Re6 64. Kf2 Kd3 65. Bd4 Rc6 66. fxg4 fxg4 67. Ke1 Rc1+ 68. Kf2 Rc2+ 69. Ke1 Rg2 70. Kf1 Rxg3 71. Kf2 Rf3+ 72. Kg2 Rxe3 73. Bc3 Ke2 74. Bg7 Rf3 75. Be5 g3 76. Bg7 Rd3 77. Bf6 Kd1 78. Be5 Kc1 79. Bf6 Rd2+ 80. Kxg3 Rxb2 81. Kf3 Rc2 82. Bg5+ Kd1 0-1

[Event "Ribeirao Preto RECRA 1st"]
[Site "Ribeirao Preto"]
[Date "2010.12.03"]
[Round "2.4"]
[White "Jardim, Daphne Tofano"]
[Black "Shiroma, Silvio Haruo"]
[Result "0-1"]
[WhiteElo "1980"]
[BlackElo "2182"]
[PlyCount "50"]
[EventDate "2010.12.03"]
[EventType "swiss"]
[EventRounds "6"]
[EventCountry "BRA"]
[SourceTitle "EXT 2022"]
[Source "ChessBase"]
[SourceDate "2021.10.06"]
[SourceVersion "1"]
[SourceVersionDate "2021.10.06"]
[SourceQuality "1"]

1. d4 Nf6 2. c4 g6 3. Nc3 Bg7 4. e4 d6 5. Be2 0-0 6. Bg5 c5 7. d5 e6 8. Nf3 exd5 9. exd5 h6 10. Bd2 a6 11. a4 Re8 12. 0-0 Bg4 13. h3 Bxf3 14. Bxf3 Nbd7 15. Be2 Nh7 16. f4 f5 17. Bd3 Bd4+ 18. Kh2 Nhf6 19. Qc2 Ng4+ 20. Kh1 Qh4 21. Bxf5 gxf5 22. Qxf5 Ndf6 23. Be1 Rxe1 24. Raxe1 Qg3 25. hxg4 Qh4# 0-1